00516 a2200157 4500010001400000020002300014035001300037037001800050082001100068100002700079245010800106260004800214270004400262300003300306500001900339 aENG-85318 a007061184Xc299.00 aEN-68851 bD.B.Act / Pub14a005.111 aCruikshank, Jeffrey L.1 aThe apple waycby Jeffrey L. Cruikshankb12 management lessons from the worlds most innovative company aNew DelhibTata Mcgrawhill Publishingc2007 a7, West Patel NagarbNew Delhie110 008 axviii, 206 p.c23 cm. (Pbk.) aIncludes index